Beginning Groovy, Grails and Griffon /

Web frameworks are playing a major role in the creation of today's most compelling web applications, because they automate many of the tedious tasks, allowing developers to instead focus on providing users with creative and powerful features. Java developers have been particularly fortunate in...

Full description

Bibliographic Details
Main Authors: Layka, Vishal (Author), Judd, Christopher (Author), Nusairat, Joseph (Author), Shingler, Jim (Author)
Corporate Author: Safari, an O'Reilly Media Company
Format: eBook
Language:English
Published: Apress, 2012.
Edition:1st edition.
Subjects:
Online Access:Connect to this electronic resource

MARC

Tag First Indicator Second Indicator Subfields
LEADER 00000uam a2200000 a 4500
001 in00004143513
005 20260128204759.4
006 m o d
007 cr cn
008 140813s2012 xx o eng
020 |z 9781430248064 
020 |z 1430248068 
035 |a (CaSebORM)9781430248064 
040 |d UtOrBLW 
041 0 |a eng 
100 1 |a Layka, Vishal,  |e author.  |0 http://id.loc.gov/authorities/names/no2013086892 
245 1 0 |a Beginning Groovy, Grails and Griffon /  |c Layka, Vishal. 
250 |a 1st edition. 
264 1 |b Apress,  |c 2012. 
300 |a 1 online resource (364 pages) 
336 |a text  |b txt  |2 rdacontent 
337 |a computer  |b c  |2 rdamedia 
338 |a online resource  |b cr  |2 rdacarrier 
347 |a text file 
520 |a Web frameworks are playing a major role in the creation of today's most compelling web applications, because they automate many of the tedious tasks, allowing developers to instead focus on providing users with creative and powerful features. Java developers have been particularly fortunate in this area, having been able to take advantage of Grails, an open source framework that supercharges productivity when building Java-driven web sites. Grails is based on Groovy, which is a very popular and growing dynamic scripting language for Java developers and was inspired by Python, Ruby, and Smalltalk. Beginning Groovy, Grails and Griffon is the first introductory book on the Groovy language and its primary web framework, Grails. Griffon is also covered. While Grails is the Web framework for building Groovy Web applications, Griffon is the deskop framework for building desktop Groovy applications. Could Groovy be the new Java? It's light, fast and free (open source). This book gets you started with Groovy, Grails and Griffon, and culminates in the example and possible application of some real-world projects. You follow along with the development of each project, implementing and running each application while learning new features along the way. What you'll learn Understand the fundamentals of the open source, dynamic Groovy scripting language and the Grails web framework. Capitalize upon Grails' well-defined framework architecture to build web applications faster than ever before. Improve your web application with cutting-edge interface enhancements using Ajax. Use Grails' object-relational mapping solution, GORM, to manage your data store more effectively than ever before. Take advantage of Groovy to create reporting services, implement batch processing, and create alternative client interfaces. Deploy and upgrade your Grails-driven applications with expertise and ease. Discover an alternative client in Groovy as well. Explore the Griffon framework for creating Groovy-based desktop applications. Who this book is for Java and web developers looking to learn and embrace the power and flexibility offered by the more agile, lightweight Groovy scripting language and its Grails and Griffon frameworks. 
533 |a Electronic reproduction.  |b Boston, MA :  |c Safari,  |n Available via World Wide Web.  |d 2013. 
538 |a Mode of access: World Wide Web. 
542 |f Copyright © 2013 by Vishal Layka, Christopher M. Judd, Joseph Faisal Nusairat, Jim Shingler  |g 2013 
588 |a Online resource; Title from title page (viewed December 21, 2012) 
500 |a Electronic resource. 
655 7 |a Electronic books.  |2 local 
700 1 |a Judd, Christopher,  |e author. 
700 1 |a Nusairat, Joseph,  |e author. 
700 1 |a Shingler, Jim,  |e author. 
710 2 |a Safari, an O'Reilly Media Company. 
856 4 0 |u https://proxy.library.tamu.edu/login?url=https://go.oreilly.com/TAMU/library/view/-/9781430248064/?ar  |z Connect to this electronic resource  |t 0 
999 f f |s 94145ec4-ab7b-3ff6-bff9-a8ece198ce43  |i c7690f46-acee-3276-907f-3567f937b840  |t 0 
952 f f |a Texas A&M University  |b College Station  |c Electronic Resources  |s www_evans  |d Available Online  |t 0  |h No information provided 
998 f f |t 0  |l Available Online